| 000 | 02066nam a22002537a 4500 | ||
|---|---|---|---|
| 003 | Uzh_bibl | ||
| 008 | 260416b |||||||| |||| 00| 0 ukr d | ||
| 020 |
_a978-966-671--404-9 _c96.00 |
||
| 040 | _bукр. | ||
| 041 |
_2ukr _aukr |
||
| 080 | _a821.161.2 | ||
| 090 |
_a821.161.2 _bЛ15 |
||
| 100 | _aЛадижець, Володимир | ||
| 245 |
_aОй, болить у мене зуб _cУпоряд.Б.Кушнір, худож.оформл.О.Ладижець _hТекст |
||
| 260 |
_aУжгород _b"Карпати" _c2015 |
||
| 300 |
_a128 с. _bіл. _fВ опр. |
||
| 520 | _aНа глибоке переконання нинішніх літературознавчів, вірші лауреата премії імені Лесі Українки, Володимира Ладижця, який жив і творив у закарпатському Ужгороді, були і залишаються невмирущими сторінками енциклопедії вашого дитинства, сповненими тепла і радості, любові до рідної землі, до батьків, до всього що робить нашу малечу громадянами. Вишукані рядки письменника, який з назвичайним теплом і неповторним гумором писав передусім для малечі, і сьогодні залишаються актуальними, високо мистецькими і такими з дитинства впізнаваними уже для кількох поколінь українських читачів: "Ой болить у мене зуб..." | ||
| 521 | _aДля молодшого шкільного віку | ||
| 546 | _aукр. | ||
| 650 |
_aКраєзнавча література _xЛітературно-художнє видання |
||
| 653 |
_aХитрий зуб _aПиріжечки _aСопілка |
||
| 655 |
_aХудожня література _vВірші |
||
| 942 |
_2udc _cBK |
||
| 999 |
_c17360 _d17360 |
||